Marvel Heroes by Real Names #18 - Statistics

General Stats
  • This quiz has been taken 9 times
  • The average score is 12 of 25
Answer Stats
Name Answer % Correct
Katherine "Kate" Bishop Hawkeye
100%
Virginia "Pepper" Potts Rescue
100%
Zheng Shang-Chi Shang-Chi
100%
Jessica Jones Jewel
89%
Miek Miek
89%
Timothy Dugan Dum Dum Dugan
78%
Namor McKenzie Namor the Sub-Mariner
78%
Kurt Wagner Nightcrawler
78%
Replica Replica
78%
Joaquin Torres Falcon
67%
Greer Nelson Tigra
67%
Balder the _____ Balder the Brave
56%
Wanda Wilson Lady Deadpool
33%
Christopher Nord Maverick
33%
Peni Parker SP//dr
33%
Nicholette Gold Nikki
22%
Dee Milo Venus Dee Milo
22%
Madison Jeffries Box
11%
Abigail Boylen Cloud 9
11%
Kai Kawade Kid Kaiju
11%
Zachary Smith Jr. Microbe
11%
Jonathan Clay Rawhide Kid
11%
unknown; WWII hero adopted by an Inhumans off-shoot Red Raven
11%
Tarene Thor Girl
11%
unknown; blade-wielding member of a Japanese super-team Wasabi-No-Ginger
11%
No matching quizzes found
Score Distribution
Percent of People with Each Score
Percentile by Number Answered
Your Score History
You have not taken this quiz